Countries that border multiple oceans {Africa, Oceania, and Europe} - Statistics

General Stats
  • This quiz has been taken 32 times
  • The average score is 5 of 6
Answer Stats
Hint Answer % Correct
Oceania Australia
100%
Africa South Africa
100%
Europe Russia
96%
Europe Norway
86%
Africa Egypt
82%
Europe Iceland
82%
No matching quizzes found
Score Distribution
Percent of People with Each Score
Percentile by Number Answered
Your Score History
You have not taken this quiz